[Event "Santiago op"]
[Site "Santiago de Chile"]
[Date "2002.??.??"]
[Round "7"]
[White "Egger Mancilla, Jorge Alejandro"]
[Black "Godoy Bugueno, David A"]
[Result "0-1"]
[WhiteElo "2435"]
[BlackElo "2344"]
[PlyCount "86"]
[EventDate "2002.04.??"]
[EventType "swiss"]
[EventRounds "9"]
[EventCountry "CHI"]
[SourceTitle "EXT 2003"]
[Source "ChessBase"]
[SourceDate "2002.11.25"]
[SourceVersion "1"]
[SourceVersionDate "2002.11.25"]
[SourceQuality "1"]

1. e4 c5 2. Nf3 Nc6 3. d4 cxd4 4. Nxd4 Qc7 5. Nc3 e6 6. Be3 Nf6 7. Bd3 a6 8. 0-0 h5 9. h3 b5 10. f4 Bc5 11. e5 Nxe5 12. Bxb5 Neg4 13. hxg4 Nxg4 14. Qe2 Nxe3 15. Qxe3 axb5 16. Ncxb5 Qb6 17. a4 Bb7 18. f5 Rc8 19. c3 Be7 20. fxe6 dxe6 21. a5 Qc5 22. a6 Bd5 23. b4 Qb6 24. a7 0-0 25. Ra5 Qb7 26. Qf2 Qd7 27. Rfa1 Ba8 28. Rc1 Bxb4 29. Ra2 Bc5 30. Re1 Qd5 31. Rae2 Qg5 32. Re5 Qg6 33. R1e3 h4 34. Rh3 Be7 35. Kh2 Rfd8 36. Nf3 Bf6 37. Rc5 Rxc5 38. Qxc5 Rd2 39. Qg1 Rb2 40. Na3 Bxc3 41. Nxh4 Be5+ 42. Kh1 Qg4 43. Nf3 Qxh3+ 0-1

[Event "Santiago op"]
[Site "Santiago de Chile"]
[Date "2002.??.??"]
[Round "6"]
[White "Godoy Bugueno, David A"]
[Black "Pineda Polanco, Adolfo"]
[Result "1-0"]
[WhiteElo "2344"]
[BlackElo "2181"]
[PlyCount "80"]
[EventDate "2002.04.??"]
[EventType "swiss"]
[EventRounds "9"]
[EventCountry "CHI"]
[SourceTitle "EXT 2003"]
[Source "ChessBase"]
[SourceDate "2002.11.25"]
[SourceVersion "1"]
[SourceVersionDate "2002.11.25"]
[SourceQuality "1"]

1. d4 f5 2. g3 Nf6 3. Bg2 g6 4. Nc3 d5 5. Bf4 Bg7 6. Nf3 c6 7. Qd2 Ne4 8. Nxe4 dxe4 9. Ne5 Nd7 10. Nxd7 Bxd7 11. 0-0 Qb6 12. Be3 Qa6 13. f3 exf3 14. exf3 0-0 15. Rfe1 Rfe8 16. Bf1 Qb6 17. Bc4+ e6 18. c3 Rad8 19. b4 Kh8 20. Bg5 Ra8 21. Kg2 Qc7 22. Bf4 e5 23. dxe5 Be6 24. Bf1 Rad8 25. Qe3 b5 26. a4 a6 27. axb5 axb5 28. Ra7 Qb8 29. Bg5 Rd5 30. Bf6 Bxf6 31. exf6 f4 32. Qf2 Qd6 33. Re4 Rf8 34. Qe1 Rxf6 35. g4 Bf7 36. Ree7 Re6 37. Rxe6 Qxe6 38. Qxe6 Bxe6 39. Be2 Rd2 40. Kf1 Rc2 1-0

[Event "Santiago op"]
[Site "Santiago de Chile"]
[Date "2002.??.??"]
[Round "9"]
[White "Ulloa Bustos, Juan"]
[Black "Godoy Bugueno, David A"]
[Result "0-1"]
[WhiteElo "2110"]
[BlackElo "2344"]
[PlyCount "58"]
[EventDate "2002.04.??"]
[EventType "swiss"]
[EventRounds "9"]
[EventCountry "CHI"]
[SourceTitle "EXT 2003"]
[Source "ChessBase"]
[SourceDate "2002.11.25"]
[SourceVersion "1"]
[SourceVersionDate "2002.11.25"]
[SourceQuality "1"]

1. Nf3 Nf6 2. d4 d6 3. c4 Nbd7 4. Bf4 c6 5. Nc3 Qa5 6. a3 e5 7. Bd2 Qc7 8. d5 a5 9. b4 e4 10. Nd4 g6 11. Rc1 Bg7 12. e3 axb4 13. axb4 0-0 14. Be2 Ne5 15. Qc2 c5 16. Ndb5 Qd8 17. bxc5 dxc5 18. h3 h5 19. Na4 Nd3+ 20. Bxd3 exd3 21. Qb3 Ne4 22. Nb2 Qg5 23. Rg1 Bxb2 24. Qxb2 Bxh3 25. Nc3 Qf6 26. Nd1 Qxb2 27. Nxb2 Ra2 28. Rb1 Rfa8 29. gxh3 Rxb2 0-1

[Event "Santiago op"]
[Site "Santiago de Chile"]
[Date "1999.??.??"]
[Round "8"]
[White "Caceres Vasquez, Sergio"]
[Black "Godoy Bugueno, David A"]
[Result "0-1"]
[WhiteElo "2060"]
[BlackElo "2355"]
[PlyCount "70"]
[EventDate "1999.??.??"]
[EventType "swiss"]
[EventRounds "9"]
[EventCountry "CHI"]
[SourceTitle "EXT 2000"]
[Source "ChessBase"]
[SourceDate "1999.11.16"]
[SourceVersion "1"]
[SourceVersionDate "1999.11.16"]
[SourceQuality "1"]

1. d4 Nf6 2. c4 d6 3. Nc3 Nbd7 4. e4 e5 5. Nf3 Be7 6. Be2 c6 7. 0-0 a6 8. a4 a5 9. Bg5 0-0 10. Qc2 Re8 11. Rfd1 Qc7 12. d5 h6 13. Bd2 Nc5 14. Be1 Bd7 15. Nd2 g6 16. Nf1 cxd5 17. Nxd5 Nxd5 18. cxd5 Rec8 19. Bb5 Bxb5 20. axb5 Qb6 21. Qe2 Nb3 22. Ra4 Nc1 23. Qd2 Bg5 24. Ne3 Nb3 25. Qe2 Nd4 26. Qg4 Qxb5 27. Rxa5 Qxb2 28. Rxa8 Rxa8 29. Bd2 Bxe3 30. Bxe3 h5 31. Bxd4 exd4 32. Qf3 Ra3 33. Qf6 Ra1 34. g4 Rxd1+ 35. Kg2 Qe2 0-1

[Event "Santiago op"]
[Site "Santiago de Chile"]
[Date "1999.??.??"]
[Round "9"]
[White "Carmona Rosales, Jose Luis"]
[Black "Godoy Bugueno, David A"]
[Result "0-1"]
[WhiteElo "2188"]
[BlackElo "2355"]
[PlyCount "34"]
[EventDate "1999.??.??"]
[EventType "swiss"]
[EventRounds "9"]
[EventCountry "CHI"]
[SourceTitle "EXT 2000"]
[Source "ChessBase"]
[SourceDate "1999.11.16"]
[SourceVersion "1"]
[SourceVersionDate "1999.11.16"]
[SourceQuality "1"]

1. e4 c5 2. Nc3 e6 3. Nf3 a6 4. d4 cxd4 5. Nxd4 d6 6. g3 Nf6 7. Bg2 Qc7 8. 0-0 Be7 9. Qd2 Nc6 10. b3 0-0 11. Bb2 Nxd4 12. Qxd4 b5 13. Rac1 Bb7 14. h3 Rfd8 15. Rfe1 Rac8 16. g4 Ne8 17. Ne2 Bf6 0-1

[Event "Santiago op"]
[Site "Santiago de Chile"]
[Date "1999.??.??"]
[Round "2"]
[White "Godoy Bugueno, David A"]
[Black "Utman, Carlos"]
[Result "1-0"]
[WhiteElo "2355"]
[BlackElo "2086"]
[PlyCount "80"]
[EventDate "1999.??.??"]
[EventType "swiss"]
[EventRounds "9"]
[EventCountry "CHI"]
[SourceTitle "EXT 2000"]
[Source "ChessBase"]
[SourceDate "1999.11.16"]
[SourceVersion "1"]
[SourceVersionDate "1999.11.16"]
[SourceQuality "1"]

1. e4 e5 2. Bc4 Nf6 3. d3 c6 4. Bb3 d5 5. Nf3 Bd6 6. Nc3 dxe4 7. Nxe4 Nxe4 8. dxe4 Bg4 9. h3 Bh5 10. Qe2 Na6 11. Be3 Qe7 12. 0-0-0 Nc5 13. Bxc5 Bxc5 14. Rd3 0-0 15. Rhd1 Rad8 16. g4 Bg6 17. Nxe5 Rxd3 18. Nxd3 Bb6 19. Re1 Re8 20. f3 Qh4 21. Qg2 h6 22. f4 Rd8 23. Re2 Bc7 24. f5 Qg5+ 25. Kb1 Bh7 26. a3 g6 27. Qf3 gxf5 28. exf5 Qf6 29. Nc5 b6 30. Ne6 Rd1+ 31. Ka2 Bd6 32. Nc5 Bf8 33. Re8 Rd8 34. Ne4 Qh4 35. Qc3 Rxe8 36. Nf6+ Kh8 37. Nxe8+ Kg8 38. Qxc6 Qe7 39. Nf6+ Kh8 40. Nxh7 Kxh7 1-0

[Event "Santiago op"]
[Site "Santiago de Chile"]
[Date "1999.??.??"]
[Round "5"]
[White "Godoy Bugueno, David A"]
[Black "Vasquez Schroder, Rodrigo Rafael"]
[Result "0-1"]
[WhiteElo "2355"]
[BlackElo "2433"]
[PlyCount "66"]
[EventDate "1999.??.??"]
[EventType "swiss"]
[EventRounds "9"]
[EventCountry "CHI"]
[SourceTitle "EXT 2000"]
[Source "ChessBase"]
[SourceDate "1999.11.16"]
[SourceVersion "1"]
[SourceVersionDate "1999.11.16"]
[SourceQuality "1"]

1. Nf3 Nf6 2. c4 g6 3. Nc3 Bg7 4. g3 0-0 5. Bg2 d6 6. 0-0 c6 7. d3 e5 8. e4 a5 9. h3 Nbd7 10. b3 Nc5 11. Be3 Qe7 12. Qc2 Ne6 13. d4 Ng4 14. hxg4 exd4 15. Nxd4 Nxd4 16. Qd2 Qf6 17. Qd1 Nxb3 18. axb3 Qxc3 19. Ra2 Be6 20. Bd2 Qd4 21. Rxa5 Bxg4 22. Qxg4 Qxd2 23. Rxa8 Rxa8 24. Rd1 Qb4 25. Qd7 Qxb3 26. Rxd6 Be5 27. Rd2 h5 28. Qe7 Qxc4 29. Rd7 Bd4 30. e5 Ra1+ 31. Kh2 Bxf2 32. Rd8+ Kh7 33. Qf6 Bg1+ 0-1

[Event "Navarro Memorial"]
[Site "Santiago de Chile"]
[Date "1997.??.??"]
[Round "8"]
[White "Llorens Sepulveda, Marcelo"]
[Black "Godoy Bugueno, David A"]
[Result "0-1"]
[WhiteElo "2235"]
[BlackElo "2295"]
[PlyCount "82"]
[EventDate "1997.??.??"]
[EventType "tourn"]
[EventRounds "9"]
[EventCountry "CHI"]
[EventCategory "3"]
[SourceTitle "EXT 1998"]
[Source "ChessBase"]
[SourceDate "1997.11.17"]
[SourceVersion "1"]
[SourceVersionDate "1997.11.17"]
[SourceQuality "1"]

1. e4 c5 2. Nf3 e6 3. d4 cxd4 4. Nxd4 Nf6 5. Nc3 d6 6. g4 h6 7. Bg2 a6 8. h3 Qc7 9. Be3 Nc6 10. f4 Na5 11. Qd3 Nc4 12. 0-0-0 Be7 13. Rhe1 Bd7 14. Bf2 Rc8 15. Bg3 0-0 16. e5 dxe5 17. fxe5 Nh7 18. h4 Rfd8 19. Nd5 exd5 20. e6 Qb6 21. Qb3 fxe6 22. Nxe6 Bxe6 23. Qxb6 Nxb6 24. Rxe6 Bc5 25. b4 Nf8 26. bxc5 Nxe6 27. cxb6 Rc5 28. a4 Kf8 29. Bf2 Ra5 30. c4 Rxa4 31. Bxd5 Ra1+ 32. Kd2 Rxd1+ 33. Kxd1 Nf4 34. Kc2 Nxd5 35. cxd5 Rxd5 36. Kc3 Ke7 37. Kc4 Kd6 38. Be3 Kc6 39. g5 h5 40. Bf2 Rf5 41. Be3 g6 0-1

[Event "Navarro Memorial"]
[Site "Santiago de Chile"]
[Date "1997.??.??"]
[Round "3"]
[White "Velasquez Ojeda, Cesar"]
[Black "Godoy Bugueno, David A"]
[Result "0-1"]
[WhiteElo "2365"]
[BlackElo "2295"]
[PlyCount "64"]
[EventDate "1997.??.??"]
[EventType "tourn"]
[EventRounds "9"]
[EventCountry "CHI"]
[EventCategory "3"]
[SourceTitle "EXT 1998"]
[Source "ChessBase"]
[SourceDate "1997.11.17"]
[SourceVersion "1"]
[SourceVersionDate "1997.11.17"]
[SourceQuality "1"]

1. e4 c5 2. Nf3 d6 3. d4 cxd4 4. Nxd4 Nf6 5. Nc3 Nc6 6. Bc4 Qb6 7. Nb3 e6 8. Be3 Qc7 9. 0-0 a6 10. f4 b5 11. Bd3 Be7 12. Qf3 Bb7 13. Rad1 Na5 14. g4 Nxb3 15. cxb3 b4 16. Na4 d5 17. exd5 0-0 18. Rc1 Qd8 19. g5 Nxd5 20. Qh3 g6 21. Bd4 Re8 22. Rf3 e5 23. Bxe5 Bxg5 24. Rd1 Rxe5 25. fxe5 Nf4 26. Rxf4 Bxf4 27. e6 Qg5+ 28. Kf1 fxe6 29. Qxe6+ Kh8 30. Qf7 Bd5 31. Qd7 Rf8 32. Ke1 Bd2+ 0-1

[Event "CHI-ch"]
[Site "Santiago de Chile"]
[Date "1995.??.??"]
[Round "?"]
[White "Godoy Bugueno, David A"]
[Black "Egger Mancilla, Jorge Alejandro"]
[Result "1-0"]
[WhiteElo "2355"]
[BlackElo "2430"]
[PlyCount "79"]
[EventDate "1995.??.??"]
[EventType "tourn"]
[EventRounds "13"]
[EventCountry "CHI"]
[EventCategory "2"]
[SourceTitle "EXT 2001"]
[Source "ChessBase"]
[SourceDate "2000.11.22"]
[SourceVersion "1"]
[SourceVersionDate "2000.11.22"]
[SourceQuality "1"]

1. e4 e5 2. Nf3 Nc6 3. Bb5 a6 4. Ba4 Nf6 5. d3 b5 6. Bb3 g6 7. a4 Rb8 8. axb5 axb5 9. Nc3 Bg7 10. 0-0 0-0 11. Bg5 h6 12. Be3 Ng4 13. Bd2 d6 14. h3 Nf6 15. Be3 b4 16. Nd5 Nxd5 17. Bxd5 Ne7 18. Bb3 c5 19. Nd2 Kh7 20. Ra7 Bb7 21. f4 exf4 22. Rxf4 f5 23. Rf1 g5 24. g3 Nc6 25. Ra1 Bxb2 26. Nf3 Bxa1 27. Nxg5+ hxg5 28. Qh5+ Kg7 29. Bxg5 Bd4+ 30. Kh2 Rf6 31. Rxf5 Qe8 32. Bh6+ Rxh6 33. Rf7+ Qxf7 34. Qxf7+ Kh8 35. Qf4 Rh7 36. Qxd6 Rd8 37. Qe6 Rf8 38. g4 Ne5 39. Qd6 Bc8 40. Qxf8# 1-0

[Event "CHI-ch"]
[Site "Santiago de Chile"]
[Date "1995.??.??"]
[Round "?"]
[White "Godoy Bugueno, David A"]
[Black "Navarro, Nelson"]
[Result "1/2-1/2"]
[WhiteElo "2355"]
[BlackElo "2270"]
[PlyCount "102"]
[EventDate "1995.??.??"]
[EventType "tourn"]
[EventRounds "13"]
[EventCountry "CHI"]
[EventCategory "2"]
[SourceTitle "EXT 2001"]
[Source "ChessBase"]
[SourceDate "2000.11.22"]
[SourceVersion "1"]
[SourceVersionDate "2000.11.22"]
[SourceQuality "1"]

1. e4 c5 2. Nf3 d6 3. d4 cxd4 4. Nxd4 Nf6 5. Nc3 a6 6. Be2 e6 7. 0-0 Be7 8. Kh1 Qc7 9. f4 0-0 10. Be3 Nc6 11. Qe1 Na5 12. Rd1 Nc4 13. Bc1 b5 14. a3 Bb7 15. b3 Na5 16. Bd3 Nc6 17. Nxc6 Bxc6 18. Bb2 Nd7 19. Nd5 Bxd5 20. exd5 e5 21. Bf5 Bf6 22. Rf3 Rfe8 23. Re3 Nf8 24. fxe5 Bxe5 25. Bxe5 Rxe5 26. Rxe5 dxe5 27. d6 Qc5 28. b4 Qc4 29. Qxe5 g6 30. Bd3 Qe6 31. Qxe6 Nxe6 32. c4 bxc4 33. Bxc4 Kf8 34. Kg1 Nd8 35. Rd5 Nb7 36. Rd4 Nd8 37. Kf2 Ke8 38. b5 Ne6 39. Rd1 axb5 40. Bxb5+ Kd8 41. a4 Rc8 42. Ke3 Rc5 43. Rd3 Re5+ 44. Kd2 Nc5 45. Re3 Rd5+ 46. Kc3 Rxd6 47. Re8+ Kc7 48. Re7+ Kb6 49. Rxf7 Ne4+ 50. Kc4 Rd2 51. Rxh7 Rxg2 1/2-1/2

[Event "Santiago zt"]
[Site "Santiago de Chile"]
[Date "1995.??.??"]
[Round "1"]
[White "Godoy Bugueno, David A"]
[Black "Valiente, Cristobal"]
[Result "1/2-1/2"]
[WhiteElo "2355"]
[BlackElo "2335"]
[PlyCount "88"]
[EventDate "1995.??.??"]
[EventType "tourn"]
[EventRounds "13"]
[EventCountry "CHI"]
[EventCategory "6"]
[SourceTitle "CBM 047 Extra"]
[Source "ChessBase"]
[SourceDate "1995.09.01"]
[SourceVersion "1"]
[SourceVersionDate "1995.09.01"]
[SourceQuality "1"]

1. e4 c5 2. Nf3 d6 3. d4 cxd4 4. Nxd4 Nf6 5. Nc3 a6 6. Bg5 e6 7. Qd3 Be7 8. Be2 Qc7 9. f4 Nbd7 10. 0-0-0 b5 11. Bf3 Bb7 12. Bxf6 gxf6 13. a3 0-0-0 14. Bh5 Rdf8 15. Rhe1 Rhg8 16. g3 Nb6 17. f5 e5 18. Nde2 Kb8 19. Nd5 Bxd5 20. exd5 Rg5 21. g4 Rg7 22. Nc3 Rc8 23. Re4 Nc4 24. Nb1 Qc5 25. Nd2 Nxd2 26. Qxd2 Bd8 27. Rde1 Bb6 28. R1e3 Rgg8 29. Kb1 Rgf8 30. a4 Kb7 31. Rc3 Ba5 32. Rxc5 Bxd2 33. Rxc8 Kxc8 34. c3 Kc7 35. axb5 axb5 36. Kc2 Bf4 37. Re2 Kb6 38. Kd3 h6 39. b4 Kb7 40. h3 Kb6 41. Ra2 Bg3 42. Rc2 Bh4 43. Ra2 Bg5 44. Ra5 Bh4 1/2-1/2

[Event "Santiago zt"]
[Site "Santiago de Chile"]
[Date "1995.??.??"]
[Round "6"]
[White "Izquierdo, Daniel"]
[Black "Godoy Bugueno, David A"]
[Result "1-0"]
[WhiteElo "2320"]
[BlackElo "2355"]
[PlyCount "65"]
[EventDate "1995.??.??"]
[EventType "tourn"]
[EventRounds "13"]
[EventCountry "CHI"]
[EventCategory "6"]
[SourceTitle "CBM 047 Extra"]
[Source "ChessBase"]
[SourceDate "1995.09.01"]
[SourceVersion "1"]
[SourceVersionDate "1995.09.01"]
[SourceQuality "1"]

1. d4 Nf6 2. Nf3 d6 3. c4 Nbd7 4. Nc3 c6 5. e4 e5 6. Be2 Be7 7. 0-0 0-0 8. Re1 a6 9. Bf1 Qc7 10. h3 b5 11. d5 cxd5 12. cxd5 Nb6 13. a3 Bd7 14. Bg5 Rfc8 15. Rc1 Qb8 16. b3 Bd8 17. Bd2 Be8 18. Nh2 Nbd7 19. b4 Nb6 20. Nb1 Rxc1 21. Bxc1 Qb7 22. Re3 Rc8 23. Bd3 Na4 24. Nf1 Bb6 25. Rg3 Qa7 26. Be3 Bxe3 27. Nxe3 Bd7 28. Qf3 Rc1+ 29. Kh2 Kf8 30. Nf5 Ne8 31. Nxg7 Nb2 32. Nxe8 Bxe8 33. Qf6 1-0

[Event "CHI-ch"]
[Site "Santiago de Chile"]
[Date "1995.??.??"]
[Round "?"]
[White "Michel Yunis, Christian D"]
[Black "Godoy Bugueno, David A"]
[Result "1/2-1/2"]
[WhiteElo "2345"]
[BlackElo "2355"]
[PlyCount "31"]
[EventDate "1995.??.??"]
[EventType "tourn"]
[EventRounds "13"]
[EventCountry "CHI"]
[EventCategory "2"]
[SourceTitle "EXT 2001"]
[Source "ChessBase"]
[SourceDate "2000.11.22"]
[SourceVersion "1"]
[SourceVersionDate "2000.11.22"]
[SourceQuality "1"]

1. e4 c5 2. Nf3 e6 3. d4 cxd4 4. Nxd4 Nc6 5. Nxc6 bxc6 6. Bd3 Nf6 7. 0-0 d5 8. Nd2 Be7 9. c4 0-0 10. Qe2 Bb7 11. b3 a5 12. Bb2 a4 13. cxd5 cxd5 14. e5 Nd7 15. Bd4 Bc5 16. Qe3 1/2-1/2

[Event "Santiago zt"]
[Site "Santiago de Chile"]
[Date "1995.??.??"]
[Round "10"]
[White "Morovic Fernandez, Ivan"]
[Black "Godoy Bugueno, David A"]
[Result "1-0"]
[WhiteElo "2575"]
[BlackElo "2355"]
[PlyCount "55"]
[EventDate "1995.??.??"]
[EventType "tourn"]
[EventRounds "13"]
[EventCountry "CHI"]
[EventCategory "6"]
[SourceTitle "CBM 047 Extra"]
[Source "ChessBase"]
[SourceDate "1995.09.01"]
[SourceVersion "1"]
[SourceVersionDate "1995.09.01"]
[SourceQuality "1"]

1. d4 Nf6 2. c4 d6 3. Nc3 Nbd7 4. Nf3 c6 5. e4 e5 6. Be2 Be7 7. 0-0 a6 8. Rb1 b5 9. b4 Qc7 10. a4 0-0 11. axb5 cxb5 12. dxe5 dxe5 13. c5 Bb7 14. Bg5 Rfe8 15. Qc2 Bc6 16. Nd2 Nf8 17. Bxf6 Bxf6 18. Nd5 Qb7 19. Rfd1 Bd8 20. Nb3 Ne6 21. Qc3 Ng5 22. Qe3 f5 23. Na5 f4 24. Nxb7 fxe3 25. Nxd8 exf2+ 26. Kf1 Bxd5 27. exd5 Rexd8 28. d6 1-0

[Event "CHI-ch"]
[Site "Santiago de Chile"]
[Date "1995.??.??"]
[Round "?"]
[White "Valenzuela Fuentealba, Luis"]
[Black "Godoy Bugueno, David A"]
[Result "1/2-1/2"]
[WhiteElo "2275"]
[BlackElo "2355"]
[PlyCount "87"]
[EventDate "1995.??.??"]
[EventType "tourn"]
[EventRounds "13"]
[EventCountry "CHI"]
[EventCategory "2"]
[SourceTitle "EXT 2001"]
[Source "ChessBase"]
[SourceDate "2000.11.22"]
[SourceVersion "1"]
[SourceVersionDate "2000.11.22"]
[SourceQuality "1"]

1. d4 Nf6 2. c4 d6 3. Nf3 Nbd7 4. Nc3 c6 5. e4 e5 6. Be2 Be7 7. 0-0 0-0 8. Re1 a6 9. Rb1 Re8 10. Bf1 Qc7 11. b4 b6 12. d5 cxd5 13. Nxd5 Nxd5 14. cxd5 Nf6 15. Qb3 Bd7 16. Bd2 b5 17. Rbc1 Qb7 18. h3 Rec8 19. Qd3 Bd8 20. a3 Bb6 21. Be3 g6 22. Nd2 Be8 23. Nb3 Qa7 24. Bxb6 Qxb6 25. Na5 Rc7 26. Rxc7 Qxc7 27. Nb3 Rc8 28. Rc1 Qb8 29. Rc2 Bd7 30. Na5 Rxc2 31. Qxc2 Qb6 32. Nb3 Nh5 33. Be2 Nf6 34. Kf1 h5 35. Bf3 Ne8 36. Qc3 Qc7 37. Qxc7 Nxc7 38. Na5 Kf8 39. Bd1 f5 40. f3 Ke7 41. Kf2 fxe4 42. fxe4 Ne8 43. Ke3 Nf6 44. Nb3 1/2-1/2

[Event "CHI-ch"]
[Site "Santiago de Chile"]
[Date "1994.??.??"]
[Round "?"]
[White "Godoy Bugueno, David A"]
[Black "Michel Yunis, Christian D"]
[Result "1/2-1/2"]
[WhiteElo "2340"]
[BlackElo "2340"]
[PlyCount "138"]
[EventDate "1994.??.??"]
[EventType "tourn"]
[EventRounds "12"]
[EventCountry "CHI"]
[EventCategory "1"]
[SourceTitle "EXT 2001"]
[Source "ChessBase"]
[SourceDate "2000.11.22"]
[SourceVersion "1"]
[SourceVersionDate "2000.11.22"]
[SourceQuality "1"]

1. e4 d5 2. exd5 Qxd5 3. Nc3 Qd8 4. Nf3 Nf6 5. Bc4 c5 6. d4 cxd4 7. Qxd4 Qxd4 8. Nxd4 a6 9. Nd5 Nxd5 10. Bxd5 e6 11. Bf3 Nd7 12. g3 Bc5 13. Nb3 Bd6 14. Be3 Ne5 15. Bg2 Nc4 16. Bd4 e5 17. Bc3 Rb8 18. 0-0-0 Ke7 19. Rhe1 Be6 20. Nd2 Nxd2 21. Rxd2 f6 22. f4 Rhd8 23. fxe5 Bxe5 24. Bxe5 Rxd2 25. Kxd2 fxe5 26. Rxe5 Kd6 27. Rh5 h6 28. Rh4 b5 29. a3 Kc5 30. Rf4 a5 31. b4+ axb4 32. axb4+ Kd6 33. Bf1 Ke5 34. Bd3 g5 35. Re4+ Kd6 36. Re1 Bd5 37. Ra1 Bc6 38. Ra6 Kc7 39. Ra7+ Rb7 40. Rxb7+ Kxb7 41. Ke3 Kc7 42. Kd4 Kd6 43. c4 bxc4 44. Bxc4 h5 45. Ba6 h4 46. Bd3 Bd7 47. Be2 hxg3 48. hxg3 Bc6 49. b5 Bg2 50. Bd3 Bh3 51. Kc4 Be6+ 52. Kb4 Bd5 53. Ka5 Kc7 54. Ka6 Kb8 55. Kb6 Bg2 56. Bf5 Bf3 57. Bd7 Bg2 58. Bc6 Bf1 59. Kc5 Be2 60. Be4 Bf1 61. Bf3 Bd3 62. b6 Bf5 63. Kd4 Bc2 64. g4 Ba4 65. Ke5 Bd7 66. Kd6 Bc8 67. Kc5 Bd7 68. Kd6 Bc8 69. Kc5 Bd7 1/2-1/2

[Event "Santiago op"]
[Site "Santiago de Chile"]
[Date "1994.??.??"]
[Round "?"]
[White "Godoy Bugueno, David A"]
[Black "Varas Gonzalez, Carlos"]
[Result "0-1"]
[WhiteElo "2340"]
[BlackElo "2255"]
[PlyCount "26"]
[EventDate "1994.??.??"]
[EventType "swiss"]
[EventRounds "9"]
[EventCountry "CHI"]
[SourceTitle "EXT 2001"]
[Source "ChessBase"]
[SourceDate "2000.11.22"]
[SourceVersion "1"]
[SourceVersionDate "2000.11.22"]
[SourceQuality "1"]

1. e4 d5 2. exd5 Qxd5 3. Nc3 Qa5 4. Bc4 Nf6 5. Nf3 c6 6. h3 Bf5 7. 0-0 e6 8. Qe2 Nbd7 9. d3 Bd6 10. Nd4 Bg6 11. Nxe6 fxe6 12. Qxe6+ Be7 13. Re1 0-0-0 0-1

[Event "Santiago op"]
[Site "Santiago de Chile"]
[Date "1994.??.??"]
[Round "?"]
[White "Godoy Bugueno, David A"]
[Black "Velasquez Ojeda, Cesar"]
[Result "0-1"]
[WhiteElo "2340"]
[BlackElo "2290"]
[PlyCount "85"]
[EventDate "1994.??.??"]
[EventType "swiss"]
[EventRounds "9"]
[EventCountry "CHI"]
[SourceTitle "EXT 2001"]
[Source "ChessBase"]
[SourceDate "2000.11.22"]
[SourceVersion "1"]
[SourceVersionDate "2000.11.22"]
[SourceQuality "1"]

1. e4 e5 2. Bc4 Nf6 3. d3 Nc6 4. Nf3 g6 5. Ng5 d5 6. exd5 Na5 7. 0-0 Bg7 8. Re1 0-0 9. Rxe5 c6 10. Re1 cxd5 11. Bb3 Nxb3 12. axb3 a6 13. Nf3 Qc7 14. h3 b6 15. Be3 Re8 16. Nd4 Bb7 17. Nd2 Nh5 18. N2f3 Nf4 19. Qd2 Ne6 20. Nxe6 Rxe6 21. Bf4 Qc6 22. Rxe6 Qxe6 23. Re1 Qd7 24. d4 Re8 25. Bh6 Bh8 26. Qb4 b5 27. Re3 f6 28. h4 Bg7 29. Bxg7 Kxg7 30. Qe1 Re4 31. Nd2 Rxe3 32. Qxe3 Bc8 33. Nf3 Qd6 34. Ne1 Bf5 35. g3 h6 36. c3 g5 37. hxg5 hxg5 38. Kg2 Qd7 39. f3 g4 40. Qf4 gxf3+ 41. Kxf3 Be4+ 42. Ke3 Qh3 43. c4 0-1

[Event "CHI-ch"]
[Site "Santiago de Chile"]
[Date "1994.??.??"]
[Round "?"]
[White "Godoy Bugueno, David A"]
[Black "Yale, Jorge"]
[Result "1/2-1/2"]
[WhiteElo "2340"]
[BlackElo "2255"]
[PlyCount "46"]
[EventDate "1994.??.??"]
[EventType "tourn"]
[EventRounds "12"]
[EventCountry "CHI"]
[EventCategory "1"]
[SourceTitle "EXT 2001"]
[Source "ChessBase"]
[SourceDate "2000.11.22"]
[SourceVersion "1"]
[SourceVersionDate "2000.11.22"]
[SourceQuality "1"]

1. e4 d6 2. d4 Nf6 3. Nc3 c6 4. f4 Qa5 5. Bd3 e5 6. Nf3 Bg4 7. dxe5 dxe5 8. fxe5 Nfd7 9. e6 fxe6 10. 0-0 Qh5 11. Bf4 Bc5+ 12. Kh1 0-0 13. Bg3 Ne5 14. Bxe5 Bxf3 15. Rxf3 Qxe5 16. Rxf8+ Bxf8 17. Bc4 Bd6 18. g3 b5 19. Bd3 Nd7 20. Qd2 Nf6 21. Qe2 a6 22. a4 b4 23. Nd1 a5 1/2-1/2

[Event "Acasusso Valle op"]
[Site "Acasusso"]
[Date "1994.??.??"]
[Round "1"]
[White "Quinteros, Miguel Angel"]
[Black "Godoy Bugueno, David A"]
[Result "1-0"]
[WhiteElo "2510"]
[BlackElo "2340"]
[PlyCount "165"]
[EventDate "1994.??.??"]
[EventType "swiss"]
[EventRounds "7"]
[EventCountry "ARG"]
[SourceTitle "EXT 2000"]
[Source "ChessBase"]
[SourceDate "1999.11.16"]
[SourceVersion "1"]
[SourceVersionDate "1999.11.16"]
[SourceQuality "1"]

1. d4 Nf6 2. c4 e6 3. g3 Bb4+ 4. Bd2 Qe7 5. Bg2 Nc6 6. Nf3 Bxd2+ 7. Qxd2 d6 8. d5 Nb8 9. Nc3 e5 10. 0-0 0-0 11. e4 a5 12. Ne1 Nbd7 13. Nd3 b6 14. f4 Nc5 15. Nxc5 bxc5 16. f5 Ba6 17. Qe2 Rfb8 18. b3 Rb4 19. Rfc1 Nd7 20. Rab1 Qg5 21. Bf1 Rab8 22. Qe1 h5 23. Na4 Nf6 24. Nb2 Qg4 25. Bg2 Qg5 26. Ra1 Bc8 27. Nd3 R4b6 28. Qxa5 Qe3+ 29. Nf2 Ng4 30. Qe1 Qxf2+ 31. Qxf2 Nxf2 32. Kxf2 Ra8 33. Ke3 Kh7 34. Bf3 Kh6 35. Kd3 Ra3 36. Kc3 g6 37. fxg6 fxg6 38. h4 Rba6 39. Kb2 Ra8 40. Rg1 Bg4 41. Bxg4 hxg4 42. Rgf1 Kg7 43. Rf2 R8a7 44. Kc3 Ra8 45. Kb2 R8a7 46. Rh2 Kh6 47. Kc3 Ra8 48. h5 gxh5 49. Rah1 Rxa2 50. Rxh5+ Kg6 51. Rh6+ Kg7 52. R6h4 Rf8 53. Rxg4+ Kf7 54. Rf1+ Ke8 55. Rf5 Rf2 56. Rgg5 Rf3+ 57. Kb2 R8xf5 58. exf5 e4 59. g4 e3 60. Kc2 e2 61. Kd2 Re3 62. Ke1 Kf7 63. Rg6 Re4 64. Rg5 Kf8 65. Rg6 Kf7 66. g5 Re5 67. Rf6+ Kg7 68. Re6 Rxf5 69. Re7+ Rf7 70. Rxe2 Kg6 71. Kd2 Kxg5 72. Kc3 Rf3+ 73. Kb2 Kf6 74. Re8 Kg7 75. Ka3 Rf1 76. Ka4 Rf3 77. Rc8 Rf7 78. Kb5 Kf6 79. Kc6 Ke5 80. Rxc7 Rf6 81. Rh7 Kf5 82. Re7 Rg6 83. Kd7 1-0